| 000 | 00466nam a22001817a 4500 | ||
|---|---|---|---|
| 003 | CEME | ||
| 005 | 20210628203317.0 | ||
| 008 | 210127b xxu||||| |||| 00| 0 eng d | ||
| 020 | _a81-239-0998-5 | ||
| 040 | _c. | ||
| 082 | _a572.8633 MOU | ||
| 100 |
_aMount, David. W _964630 |
||
| 245 | _aBioinformatics;sequence and genome analysis | ||
| 260 |
_aNEW DELHI _bCBS PUBLISHERS _c2003 |
||
| 300 | _aXI,563P | ||
| 650 |
_aBIOINFORMATICS _913954 |
||
| 942 |
_cBK _2ddc |
||
| 999 |
_c573063 _d573063 |
||